| 000 | 01046cam a2200217 4500 | ||
|---|---|---|---|
| 001 | WB3829-08 | ||
| 008 | 020806n2002 000 0 eng u | ||
| 035 | _a(Sirsi) u119229 | ||
| 245 | _aMore money to clean up contaminated land | ||
| 260 | _c2002 | ||
| 490 |
_aRICS Environment Faculty News _v 5 August 2002 (1) |
||
| 520 | _aGovernment has announced extra money to help 30 local authorities clean up contaminated land in England. The latest fund forms part of the ongoing Supplementary Credit Approval (SCA) Programme http://www.defra.gov.uk/environment/landliability/approvals that helps local authorities carry out their legal duties and meet the costs of remediating contaminated land. RICS news release http://www.rics.org/ricscms/bin/show?class=News&template=/includes/shownews.html&id=3351 | ||
| 590 | _aWB | ||
| 650 | _aCONTAMINATED LAND | ||
| 650 | _aLOCAL AUTHORITIES | ||
| 650 | _aREMEDIATION | ||
| 650 | _aCLEAN UP COSTS | ||
| 650 | _aSUPPLEMENTARY CREDIT APPROVALS | ||
| 690 | _aENVIRONMENT-CONTAMINATION | ||
| 942 | _n0 | ||
| 999 |
_c70911 _d70911 |
||